[Event "IV Open Internacional Ciutat de Palma. "]
[Site "Palma"]
[Date "2009.11.21"]
[Round "1.1"]
[White "Amos, Frank"]
[Black "Drozdovskij, Yuri"]
[Result "1/2-1/2"]
[WhiteElo "2193"]
[BlackElo "2625"]
[PlyCount "42"]
[EventDate "2009.11.21"]

1. e4 c5 2. Nf3 d6 3. d4 cxd4 4. Nxd4 Nf6 5. Nc3 a6 6. Bg5 e6 7. f4 Qc7 8. Bxf6
gxf6 9. Qh5 Nc6 10. O-O-O Nxd4 11. Rxd4 Qc5 12. Qd1 b5 13. Nb1 Bb7 14. Be2 h5
15. Rf1 h4 16. f5 Be7 17. Rf3 Qe5 18. Rh3 O-O-O 19. fxe6 fxe6 20. a4 d5 21.
exd5 b4 1/2-1/2

[Event "IV Open Internacional Ciutat de Palma. "]
[Site "Palma"]
[Date "2009.11.21"]
[Round "1.3"]
[White "Lasinskas, Povilas"]
[Black "Mamedov, Nidjat"]
[Result "0-1"]
[WhiteElo "2187"]
[BlackElo "2617"]
[PlyCount "72"]
[EventDate "2009.11.21"]

1. d4 Nf6 2. c4 g6 3. Nc3 Bg7 4. Bg5 d6 5. Qc2 h6 6. Bh4 O-O 7. Rd1 Na6 8. Nf3
c5 9. d5 g5 10. Bg3 Nh5 11. e3 f5 12. Be2 Qe8 13. O-O Qf7 14. a3 Bd7 15. Rd2
Rab8 16. Ne1 Nc7 17. Nd3 Nxg3 18. hxg3 b5 19. b3 bxc4 20. bxc4 Qf6 21. Rc1 Rb6
22. Qa2 e6 23. dxe6 Bxe6 24. Bf3 Rfb8 25. Na4 Ra6 26. Nc3 Qf7 27. Rb2 Rbb6 28.
Rxb6 axb6 29. Nd5 Nxd5 30. cxd5 Bd7 31. Be2 Ra5 32. Nb2 b5 33. Qb3 Qf6 34. Rc2
Qd8 35. Nd1 Qa8 36. Qb1 Rxa3 0-1

[Event "IV Open Internacional Ciutat de Palma. "]
[Site "Palma"]
[Date "2009.11.21"]
[Round "1.5"]
[White "Serra Olives, Tomas"]
[Black "Gelashvili, Tamaz"]
[Result "0-1"]
[WhiteElo "2143"]
[BlackElo "2610"]
[PlyCount "80"]
[EventDate "2009.11.21"]

1. e4 d6 2. d4 g6 3. Be3 Bg7 4. Qd2 Nd7 5. f3 a6 6. Bc4 e6 7. Nh3 Ngf6 8. Bh6
Nxe4 9. Qf4 Bxh6 10. Qxh6 Nef6 11. Ng5 Qe7 12. O-O d5 13. Bd3 Ng8 14. Qh4 h6
15. f4 Qf6 16. Nf3 Qxh4 17. Nxh4 Ngf6 18. Nd2 c5 19. c3 cxd4 20. cxd4 Nb8 21.
Rae1 O-O 22. Nhf3 Nc6 23. a3 Bd7 24. b4 Rfc8 25. Rc1 Ne7 26. Nb3 Bb5 27. Bxb5
axb5 28. Rxc8+ Nxc8 29. Rc1 Nd6 30. Rc7 Rxa3 31. Nc5 b6 32. Nd7 Ra1+ 33. Kf2
Nfe4+ 34. Ke2 Ra2+ 35. Kf1 Nc4 36. Nde5 Ne3+ 37. Ke1 Nxg2+ 38. Kd1 Ne3+ 39. Kc1
Nd6 40. Rc6 Ndc4 0-1

[Event "IV Open Internacional Ciutat de Palma. "]
[Site "Palma"]
[Date "2009.11.21"]
[Round "1.6"]
[White "Sumets, Andrey"]
[Black "Pizarro Segura, Eduardo"]
[Result "1-0"]
[WhiteElo "2604"]
[BlackElo "2134"]
[PlyCount "65"]
[EventDate "2009.11.21"]

1. d4 d5 2. c4 e6 3. Nf3 Nf6 4. Nc3 Nbd7 5. cxd5 exd5 6. Bf4 c6 7. h3 Be7 8.
Qc2 O-O 9. e3 Re8 10. Bd3 Nf8 11. O-O Ng6 12. Bh2 Bd6 13. Bxd6 Qxd6 14. Rab1
Bd7 15. b4 Re7 16. Rfc1 b5 17. a4 a6 18. Rb2 Rae8 19. Bxg6 hxg6 20. Ne2 Ne4 21.
Ne5 Rc8 22. f3 Nf6 23. Qc5 Ne8 24. Rbc2 Qxc5 25. Rxc5 bxa4 26. Ra5 Nd6 27. Rxa4
Nc4 28. Nxc4 dxc4 29. Ra3 Rb8 30. Rxc4 Rb6 31. h4 Re8 32. Nf4 Reb8 33. Nd3 1-0

[Event "IV Open Internacional Ciutat de Palma. "]
[Site "Palma"]
[Date "2009.11.21"]
[Round "1.7"]
[White "Pons Servera, Cristobal"]
[Black "Buhmann, Rainer"]
[Result "0-1"]
[WhiteElo "2123"]
[BlackElo "2603"]
[PlyCount "72"]
[EventDate "2009.11.21"]

1. b3 d5 2. e3 Nf6 3. Bb2 Bg4 4. Nf3 Nbd7 5. d4 e6 6. Be2 Bb4+ 7. c3 Bd6 8. c4
c6 9. O-O O-O 10. Nbd2 Qb8 11. cxd5 exd5 12. h3 Bh5 13. Nh4 Bxe2 14. Qxe2 Re8
15. Nf5 Bf8 16. g4 a5 17. g5 Ne4 18. Nxe4 Rxe4 19. f3 Re6 20. f4 Qe8 21. Rf3 f6
22. Ng3 fxg5 23. fxg5 a4 24. Raf1 axb3 25. axb3 Ra2 26. h4 Ba3 27. Rb1 Rxb2 28.
Rxb2 Bxb2 29. Qxb2 Rxe3 30. Qf2 Rxf3 31. Qxf3 Qe1+ 32. Kg2 g6 33. h5 Qd2+ 34.
Kh3 Qxg5 35. Qg4 Qxg4+ 36. Kxg4 Nf6+ 0-1

[Event "IV Open Internacional Ciutat de Palma. "]
[Site "Palma"]
[Date "2009.11.21"]
[Round "1.10"]
[White "Maslak, Konstantin"]
[Black "Herms Agullo, Jordi"]
[Result "1-0"]
[WhiteElo "2569"]
[BlackElo "2113"]
[PlyCount "77"]
[EventDate "2009.11.21"]

1. c4 g6 2. Nc3 Bg7 3. g3 d6 4. Bg2 Nf6 5. e3 e5 6. Nge2 O-O 7. O-O Nc6 8. d3
Nh5 9. Nd5 f5 10. f4 Re8 11. Rb1 a5 12. Bd2 exf4 13. gxf4 Nb4 14. Nc1 c6 15.
Nc3 Nf6 16. a3 Na6 17. h3 Nc7 18. N1e2 d5 19. c5 Ne6 20. Na4 Nd7 21. d4 b6 22.
cxb6 Nxb6 23. Nxb6 Qxb6 24. Bc3 Ba6 25. Rf2 Bxe2 26. Rxe2 a4 27. Rc1 Nf8 28.
Kh2 Nd7 29. Bb4 Re6 30. Rc3 Nf6 31. Rec2 Rc8 32. Qc1 Qc7 33. Rc5 Ne4 34. Bxe4
fxe4 35. Rxd5 Bh6 36. Re5 Rxe5 37. dxe5 g5 38. Bd6 Qf7 39. Qg1 1-0

[Event "IV Open Internacional Ciutat de Palma. "]
[Site "Palma"]
[Date "2009.11.21"]
[Round "1.11"]
[White "Planas Gene, Juan"]
[Black "Haslinger, Stewart G"]
[Result "0-1"]
[WhiteElo "2112"]
[BlackElo "2548"]
[PlyCount "68"]
[EventDate "2009.11.21"]

1. d4 d5 2. c4 c6 3. Nf3 Nf6 4. Nc3 a6 5. a4 e6 6. Bg5 h6 7. Bh4 dxc4 8. e3 b5
9. axb5 cxb5 10. Bxf6 gxf6 11. Nxb5 axb5 12. Rxa8 Bb7 13. Ra1 Bb4+ 14. Nd2 e5
15. Qg4 Nc6 16. Rd1 exd4 17. exd4 Nxd4 18. Bxc4 bxc4 19. O-O Kf8 20. Qh5 Qd5
21. Qxd5 Bxd5 22. f3 Nc2 23. Ne4 Bxe4 24. Rd8+ Kg7 25. Rxh8 Bc5+ 26. Kh1 Kxh8
27. fxe4 Bd4 28. Rd1 Be5 29. Rc1 Ne3 30. Re1 Ng4 31. Re2 Bd4 32. Rd2 Nf2+ 33.
Kg1 Nd3+ 34. Kf1 Bxb2 0-1

[Event "IV Open Internacional Ciutat de Palma. "]
[Site "Palma"]
[Date "2009.11.21"]
[Round "1.12"]
[White "Malakhatko, Vadim"]
[Black "Roig Squar, Jason"]
[Result "1-0"]
[WhiteElo "2544"]
[BlackElo "2110"]
[PlyCount "139"]
[EventDate "2009.11.21"]

1. d4 d5 2. c4 e6 3. Nf3 Nf6 4. Nc3 Be7 5. Bg5 O-O 6. e3 Nbd7 7. Rc1 a6 8. c5
c6 9. b4 h6 10. Bf4 Nh5 11. Bd3 Nxf4 12. exf4 b6 13. O-O a5 14. a3 Ba6 15. Bxa6
Rxa6 16. Qd3 b5 17. Rfe1 Re8 18. g3 Nf8 19. Kg2 Qc7 20. Re3 Rea8 21. Qe2 axb4
22. axb4 Ra1 23. Rxa1 Rxa1 24. Qb2 Ra6 25. h4 Ra8 26. Qc2 Ra1 27. Qb2 Ra8 28.
h5 Nh7 29. Qe2 Bf6 30. Rd3 Qa7 31. g4 Be7 32. Qd2 Nf6 33. Ne5 Qc7 34. Rg3 Rd8
35. Qe2 Nh7 36. Qe3 Bh4 37. Rh3 Be7 38. Ne2 Bf6 39. Nf3 Qe7 40. Neg1 Ra8 41.
Rg3 Bh4 42. Nxh4 Qxh4 43. Nf3 Qf6 44. Ne5 Ra6 45. Qd2 Kh8 46. g5 hxg5 47. fxg5
Qf5 48. g6 f6 49. Nf7+ Kg8 50. gxh7+ Kxh7 51. Nd6 Qb1 52. Ne8 Ra7 53. Kh2 Qf5
54. Nd6 Qb1 55. Rg1 Ra2 56. Qe3 Qc2 57. Rg2 Qe2 58. Qxe2 Rxe2 59. Ne8 Re4 60.
Rxg7+ Kh6 61. Rg8 Rf4 62. Kg3 e5 63. dxe5 fxe5 64. Rg6+ Kxh5 65. Rxc6 d4 66.
Re6 Rg4+ 67. Kf3 Rf4+ 68. Ke2 Re4+ 69. Kd3 Re1 70. Kd2 1-0

[Event "IV Open Internacional Ciutat de Palma. "]
[Site "Palma"]
[Date "2009.11.21"]
[Round "1.13"]
[White "Persson, Stellan"]
[Black "Movsziszian, Karen"]
[Result "0-1"]
[WhiteElo "2109"]
[BlackElo "2541"]
[PlyCount "54"]
[EventDate "2009.11.21"]

1. e4 g6 2. d4 Bg7 3. c4 d6 4. Nc3 Nf6 5. Be2 O-O 6. Be3 Nbd7 7. Qd2 e5 8.
O-O-O c6 9. g4 exd4 10. Bxd4 Re8 11. f3 a6 12. h4 b5 13. h5 Qa5 14. hxg6 hxg6
15. g5 Nh5 16. Bxg7 Nxg7 17. Qxd6 b4 18. Nb1 Qxg5+ 19. f4 Qc5 20. Qd3 Nf6 21.
e5 Bf5 22. Qd4 Qxd4 23. Rxd4 Ne6 24. Rd6 Ne4 25. Rxc6 Nxf4 26. Rh2 Ng3 27. c5
Rxe5 0-1

[Event "IV Open Internacional Ciutat de Palma. "]
[Site "Palma"]
[Date "2009.11.21"]
[Round "1.14"]
[White "Savchenko, Stanislav"]
[Black "Arroyo Salido, Marcelino-Eudor"]
[Result "1-0"]
[WhiteElo "2536"]
[BlackElo "2099"]
[PlyCount "77"]
[EventDate "2009.11.21"]

1. Nf3 Nf6 2. c4 e6 3. Nc3 c5 4. g3 d5 5. cxd5 Nxd5 6. Bg2 Nc6 7. O-O Be7 8. d4
O-O 9. e4 Ndb4 10. a3 cxd4 11. Nb5 Qb6 12. Nbxd4 Nxd4 13. Qxd4 Bc5 14. Qc4 Nc6
15. b4 Bd6 16. Be3 Qc7 17. Rac1 Qb8 18. Rfd1 e5 19. b5 Be6 20. Qd3 Nd4 21. Nxd4
exd4 22. Bxd4 Rd8 23. f4 f6 24. Qe3 Rd7 25. e5 fxe5 26. Bxe5 Bxe5 27. Rxd7 Bxd7
28. fxe5 Be6 29. Qc5 Qc8 30. Bd5 Qd7 31. Bxe6+ Qxe6 32. Qc4 Re8 33. Qxe6+ Rxe6
34. Rc5 Kf7 35. Kf2 g5 36. Rc7+ Kg6 37. Rxb7 Rxe5 38. a4 h6 39. Rxa7 1-0

[Event "IV Open Internacional Ciutat de Palma. "]
[Site "Palma"]
[Date "2009.11.21"]
[Round "1.15"]
[White "Perez Aleman, Pedro Tomas"]
[Black "Abergel, Thal"]
[Result "0-1"]
[WhiteElo "2093"]
[BlackElo "2533"]
[PlyCount "83"]
[EventDate "2009.11.21"]

1. Nf3 d5 2. d4 c6 3. c4 e6 4. Qc2 Nf6 5. Bg5 h6 6. Bh4 Qa5+ 7. Nfd2 Ne4 8. f3
Nxd2 9. Nxd2 dxc4 10. Qxc4 e5 11. a3 Na6 12. e4 g5 13. Bg3 Be6 14. d5 cxd5 15.
Qb5+ Qxb5 16. Bxb5+ Ke7 17. exd5 Bxd5 18. Bxe5 f6 19. Bc3 Nc7 20. Bd3 Kf7 21.
O-O-O h5 22. Ne4 Be7 23. h4 gxh4 24. Bb5 Rhd8 25. Bd3 Bb3 26. Bc2 Bxc2 27. Kxc2
Nd5 28. Rd3 f5 29. Rhd1 Nf4 30. Nd6+ Rxd6 31. Rxd6 Bxd6 32. Rxd6 Nxg2 33. Rh6
Rg8 34. Kd2 Rg6 35. Rh7+ Ke6 36. Rxb7 h3 37. Rxa7 Rg3 38. a4 Nf4 39. a5 Rg2+
40. Ke3 Nd5+ 41. Kd4 h2 42. a6 0-1

[Event "IV Open Internacional Ciutat de Palma. "]
[Site "Palma"]
[Date "2009.11.21"]
[Round "1.16"]
[White "Kunin, Vitaly"]
[Black "Boulkrouche, Yacine"]
[Result "1-0"]
[WhiteElo "2532"]
[BlackElo "2082"]
[PlyCount "97"]
[EventDate "2009.11.21"]

1. d4 d5 2. c4 e6 3. Nc3 Nf6 4. Bg5 Be7 5. e3 O-O 6. Nf3 c6 7. Qc2 Nbd7 8. Rd1
Re8 9. Bd3 dxc4 10. Bxc4 Nd5 11. Bxe7 Qxe7 12. O-O Nxc3 13. Qxc3 b5 14. Be2 Bb7
15. Rd2 a6 16. Rc1 Rac8 17. b4 f5 18. Ne5 Nf6 19. Qb3 Nd5 20. a3 Rc7 21. Bf3 g5
22. Rdc2 Rec8 23. h3 Qg7 24. Rc5 Qe7 25. Qb1 Qd6 26. Bxd5 cxd5 27. R1c2 Qd8 28.
g4 fxg4 29. hxg4 Rxc5 30. Rxc5 Rc7 31. Kg2 Rg7 32. Qh1 Qe8 33. Qh6 Qe7 34. Rc1
Kh8 35. Rh1 Kg8 36. Rh5 Ba8 37. Nf3 Bc6 38. Rxg5 Rxg5 39. Nxg5 Bd7 40. Nf3 Qg7
41. Qxg7+ Kxg7 42. Kg3 h6 43. Kf4 Kf6 44. Ne5 Be8 45. Nd3 Bd7 46. Nc5 Bc8 47.
f3 Kf7 48. Ke5 Ke7 49. f4 1-0

[Event "IV Open Internacional Ciutat de Palma. "]
[Site "Palma"]
[Date "2009.11.21"]
[Round "1.17"]
[White "Juan Mas, Santiago"]
[Black "Cabrera, Alexis"]
[Result "0-1"]
[WhiteElo "2080"]
[BlackElo "2528"]
[PlyCount "92"]
[EventDate "2009.11.21"]

1. e4 c5 2. Nf3 Nc6 3. d3 g6 4. g3 Bg7 5. Bg2 e5 6. c3 Nge7 7. Nbd2 O-O 8. O-O
d6 9. a3 h6 10. b4 a6 11. Rb1 Be6 12. Nb3 b6 13. Nfd2 Qd7 14. Nc4 Rab8 15. Be3
f5 16. f3 f4 17. Bf2 h5 18. Qe2 g5 19. bxc5 bxc5 20. Nbd2 Ng6 21. Nb6 Qf7 22.
Nbc4 Qc7 23. Rxb8 Rxb8 24. Rb1 fxg3 25. hxg3 h4 26. Qf1 hxg3 27. Bxg3 Nf4 28.
Ne3 Rxb1 29. Qxb1 Ne2+ 30. Kf2 Nxc3 31. Qb2 Nb5 32. Nd5 Bxd5 33. exd5 e4 34.
Qc1 Ne5 35. Bxe5 e3+ 36. Kxe3 Bxe5 37. Kf2 Bf4 38. Qb2 Be5 39. Qc1 Qg7 40. Ne4
Bf4 41. Qc4 Qb2+ 42. Kg1 Nd4 43. Qxa6 Qc1+ 44. Kf2 Be3+ 45. Kg3 Qe1+ 46. Kh2
Bf4+ 0-1

[Event "IV Open Internacional Ciutat de Palma. "]
[Site "Palma"]
[Date "2009.11.21"]
[Round "1.19"]
[White "Sara, Valerio"]
[Black "Narciso Dublan, Marc"]
[Result "0-1"]
[WhiteElo "2072"]
[BlackElo "2510"]
[PlyCount "52"]
[EventDate "2009.11.21"]

1. d4 e6 2. c4 f5 3. g3 Nf6 4. Bg2 c6 5. Qc2 d5 6. Nh3 Bd6 7. O-O O-O 8. Bf4
Be7 9. Nd2 Na6 10. Nf3 Ng4 11. Rab1 Bd7 12. a3 h6 13. Ne5 Be8 14. f3 Nf6 15. c5
Nb8 16. Nf2 Nbd7 17. Nfd3 Nxe5 18. Nxe5 g5 19. Bd2 Nd7 20. e4 Nxe5 21. dxe5
fxe4 22. fxe4 Bg6 23. Rxf8+ Bxf8 24. Be3 Bg7 25. Qb3 Qd7 26. exd5 Bxb1 0-1

[Event "IV Open Internacional Ciutat de Palma. "]
[Site "Palma"]
[Date "2009.11.21"]
[Round "1.20"]
[White "Bhat, Vinay S"]
[Black "Balasch Sagrera, Carles"]
[Result "1-0"]
[WhiteElo "2510"]
[BlackElo "2062"]
[PlyCount "47"]
[EventDate "2009.11.21"]

1. d4 Nf6 2. c4 e5 3. dxe5 Ng4 4. Bf4 g5 5. Bg3 Nc6 6. Nc3 Ngxe5 7. e3 d6 8.
Be2 Bg7 9. f4 Ng6 10. fxg5 Qxg5 11. Nd5 Qd8 12. Qc2 Be6 13. Nf3 Nce5 14. Nd4 c6
15. Nxe6 fxe6 16. Nc3 Qa5 17. O-O O-O-O 18. Ne4 Bh6 19. Rad1 Bxe3+ 20. Kh1 d5
21. cxd5 exd5 22. Nf6 Qc7 23. Ng4 Rhf8 24. Nxe3 1-0

[Event "IV Open Internacional Ciutat de Palma. "]
[Site "Palma"]
[Date "2009.11.21"]
[Round "1.21"]
[White "Simon, Laurent"]
[Black "Pap, Misa"]
[Result "0-1"]
[WhiteElo "2058"]
[BlackElo "2501"]
[PlyCount "50"]
[EventDate "2009.11.21"]

1. e4 c5 2. Nf3 Nc6 3. d3 g6 4. g3 Bg7 5. Bg2 e6 6. O-O Nge7 7. Nbd2 O-O 8. Re1
d6 9. h4 h6 10. Nf1 Rb8 11. N1h2 b5 12. h5 g5 13. Nxg5 hxg5 14. Bxg5 f6 15. Be3
Kh7 16. f4 e5 17. f5 Ng8 18. Nf3 Bh6 19. Nh4 Bxe3+ 20. Rxe3 Nh6 21. Ng6 Rg8 22.
g4 Nf7 23. c3 Bd7 24. Qb3 c4 25. dxc4 Na5 0-1

[Event "IV Open Internacional Ciutat de Palma. "]
[Site "Palma"]
[Date "2009.11.21"]
[Round "1.26"]
[White "Lajthajm, Borko"]
[Black "Henrichs, Wenke"]
[Result "1-0"]
[WhiteElo "2481"]
[BlackElo "2039"]
[PlyCount "67"]
[EventDate "2009.11.21"]

1. d4 Nf6 2. c4 g6 3. Nc3 Bg7 4. e4 d6 5. h3 O-O 6. Be3 Na6 7. Nf3 e5 8. d5 Nc5
9. Nd2 a5 10. g4 Ne8 11. g5 f5 12. h4 Bd7 13. h5 f4 14. Bxc5 dxc5 15. hxg6 hxg6
16. Nf3 Nd6 17. Qd3 Kf7 18. Bh3 Bxh3 19. Rxh3 Qd7 20. Rh7 Kg8 21. Nxe5 Qe8 22.
Rxg7+ Kxg7 23. Ng4 Nf7 24. Nb5 Nxg5 25. f3 Qe7 26. Qc3+ Kf7 27. O-O-O Rh8 28.
Nxc7 Rad8 29. d6 Rxd6 30. Rxd6 Qxd6 31. Qxh8 Nxf3 32. Qe8+ Kg7 33. Ne6+ Kh7 34.
Qf7+ 1-0

[Event "IV Open Internacional Ciutat de Palma. "]
[Site "Palma"]
[Date "2009.11.21"]
[Round "1.36"]
[White "Gaponenko, Inna"]
[Black "Castell Cantero, Salvador"]
[Result "1-0"]
[WhiteElo "2457"]
[BlackElo "1948"]
[PlyCount "47"]
[EventDate "2009.11.21"]

1. e4 d6 2. d4 g6 3. Nc3 Bg7 4. f4 Nc6 5. Be3 e5 6. dxe5 dxe5 7. Qxd8+ Kxd8 8.
O-O-O+ Bd7 9. Nf3 Nf6 10. g3 Re8 11. Ng5 Kc8 12. Nxf7 Ng4 13. Bh3 h5 14. Nd5
Na5 15. b3 Be6 16. Ng5 c6 17. Nxe6 Rxe6 18. Bxg4 hxg4 19. f5 gxf5 20. exf5 cxd5
21. fxe6 d4 22. Bd2 Nc6 23. Rhf1 Nd8 24. e7 1-0

[Event "IV Open Internacional Ciutat de Palma. "]
[Site "Palma"]
[Date "2009.11.21"]
[Round "1.53"]
[White "Perez Garcia, Miguel"]
[Black "Roos, Michael"]
[Result "0-1"]
[WhiteElo "1794"]
[BlackElo "2375"]
[PlyCount "52"]
[EventDate "2009.11.21"]

1. c4 g6 2. Nf3 Bg7 3. e4 d6 4. d4 Nf6 5. Nc3 O-O 6. Be2 Bg4 7. h3 Bxf3 8. Bxf3
Nfd7 9. g4 Nc6 10. Be3 e5 11. d5 Nd4 12. Bxd4 exd4 13. Ne2 d3 14. Nf4 Bxb2 15.
Nxd3 Bxa1 16. Qxa1 Qh4 17. Bg2 Rae8 18. O-O f5 19. gxf5 gxf5 20. f3 Rf7 21. Nf2
Ne5 22. exf5 Rxf5 23. Ng4 Nxg4 24. hxg4 Rfe5 25. Qc3 Re2 26. f4 R8e3 0-1

[Event "IV Open Internacional Ciutat de Palma. "]
[Site "Palma"]
[Date "2009.11.21"]
[Round "1.54"]
[White "Mascaro March, Pedro"]
[Black "Alemany Jara, Alejandro"]
[Result "1-0"]
[WhiteElo "2369"]
[BlackElo "1789"]
[PlyCount "71"]
[EventDate "2009.11.21"]

1. d4 Nf6 2. c4 g6 3. Nc3 Bg7 4. e4 d6 5. h3 O-O 6. Bg5 Nbd7 7. Bd3 c5 8. d5
Qa5 9. Nf3 h6 10. Bd2 Qc7 11. O-O a6 12. Re1 Rb8 13. Qc2 b5 14. cxb5 c4 15. Bf1
axb5 16. a4 bxa4 17. Nxa4 Ba6 18. Be3 Bb5 19. Nd4 Bxa4 20. Rxa4 Qb7 21. Rb1 Nc5
22. Rxc4 Ncxe4 23. Nc6 Ra8 24. Rxe4 Nxe4 25. Qxe4 Rfe8 26. b4 Rac8 27. b5 h5
28. Rc1 Ra8 29. b6 Rac8 30. Nxe7+ Rxe7 31. Rxc8+ Kh7 32. Qc4 Rxe3 33. fxe3 Qxb6
34. Re8 Bh6 35. Qe4 Qa7 36. Re7 1-0

[Event "IV Open Internacional Ciutat de Palma. "]
[Site "Palma"]
[Date "2009.11.21"]
[Round "1.55"]
[White "Ramon Sanchez Campins, Pedro"]
[Black "Hernandez Gallardo, Fco  Javier"]
[Result "0-1"]
[WhiteElo "1781"]
[BlackElo "2360"]
[PlyCount "52"]
[EventDate "2009.11.21"]

1. d4 e6 2. Nf3 Nf6 3. g3 b5 4. Bg2 Bb7 5. O-O Be7 6. b3 O-O 7. Bb2 d6 8. Nbd2
Nbd7 9. c4 bxc4 10. bxc4 c5 11. Rb1 Qc7 12. e3 Bc6 13. dxc5 Nxc5 14. Qe2 Rfc8
15. Bd4 Nfe4 16. Bxc5 Nc3 17. Qd3 Nxb1 18. Bxd6 Qxd6 19. Qxb1 Rab8 20. Qc2 h6
21. Bh3 Qa3 22. Nd4 Rb2 23. Qc1 Qxa2 24. Nxc6 Rxc6 25. Bg2 Rc7 26. Nf3 Rxc4 0-1

[Event "IV Open Internacional Ciutat de Palma. "]
[Site "Palma"]
[Date "2009.11.21"]
[Round "1.57"]
[White "Milian Calatayud, Jose Luis"]
[Black "Rabadan Velasco, Raul"]
[Result "1/2-1/2"]
[WhiteElo "1728"]
[BlackElo "2334"]
[PlyCount "66"]
[EventDate "2009.11.21"]

1. e4 c5 2. c3 d6 3. g3 g6 4. Bg2 Bg7 5. Nf3 Nc6 6. O-O e5 7. d3 Nge7 8. Be3
O-O 9. Nbd2 f5 10. exf5 gxf5 11. Bg5 Be6 12. Nh4 Qd7 13. f4 Nd5 14. fxe5 h6 15.
Bxd5 Bxd5 16. Bf6 Nxe5 17. Bxg7 Kxg7 18. d4 cxd4 19. cxd4 Ng6 20. Qh5 Nxh4 21.
Qxh4 Qd8 22. Qxd8 Raxd8 23. b3 Rc8 24. Rac1 Rxc1 25. Rxc1 f4 26. Rc7+ Kf6 27.
Rd7 Ke6 28. Rh7 fxg3 29. Rxh6+ Kd7 30. hxg3 Rc8 31. Rh7+ Ke6 32. Rh6+ Kd7 33.
Rh7+ Ke6 1/2-1/2

[Event "IV Open Internacional Ciutat de Palma. "]
[Site "Palma"]
[Date "2009.11.21"]
[Round "1.43"]
[White "Hidalgo Maireles, Juan Carlos"]
[Black "Souleidis, Georgios"]
[Result "1/2-1/2"]
[WhiteElo "1867"]
[BlackElo "2429"]
[PlyCount "162"]
[EventDate "2009.11.21"]

1. d4 Nf6 2. Nf3 g6 3. e3 Bg7 4. c4 O-O 5. b3 c5 6. Bb2 cxd4 7. Bxd4 Nc6 8. Bc3
d6 9. Be2 Bd7 10. O-O a6 11. Qc2 Qb8 12. Rd1 Rc8 13. Nbd2 b5 14. Rab1 bxc4 15.
bxc4 Qc7 16. Qb2 Bf5 17. Rbc1 Rcb8 18. Qa3 e5 19. Ne1 a5 20. Bd3 Bxd3 21. Nxd3
Nb4 22. Ba1 Qe7 23. Nxb4 axb4 24. Qb2 Qe6 25. Rc2 Ra3 26. Nb1 Ra6 27. Nd2 e4
28. Nb3 Rba8 29. Qb1 Nd7 30. Bxg7 Kxg7 31. Nd4 Qf6 32. Qxb4 Rxa2 33. Rxa2 Rxa2
34. Rf1 Nc5 35. Qb1 Rd2 36. Qc1 Rd3 37. Qa1 h5 38. h3 Rd2 39. Qc1 Rd3 40. Qa1
h4 41. Nb5 Qxa1 42. Rxa1 Kf6 43. Kf1 Rd2 44. Ke1 Rd3 45. Rd1 Ke5 46. Ke2 Rxd1
47. Kxd1 Nd3 48. Ke2 Nb2 49. Na3 f5 50. Kd2 g5 51. Ke2 g4 52. Kd2 gxh3 53. gxh3
f4 54. Ke2 f3+ 55. Ke1 Ke6 56. Kf1 Nd3 57. Nc2 Ne5 58. Na3 Kd7 59. Nb5 Nf7 60.
Nd4 Ng5 61. Nf5 Nxh3 62. Nxh4 Kc6 63. Nf5 Kc5 64. Ng3 Ng5 65. Nf5 Nf7 66. Ng3
Ng5 67. Nf5 Kxc4 68. Nxd6+ Kd3 69. Ke1 Ne6 70. Nf5 Nc7 71. Nd4 Nd5 72. Nf5 Nb4
73. Ng3 Nc2+ 74. Kf1 Nxe3+ 75. fxe3 Kxe3 76. Nf5+ Kf4 77. Nd4 e3 78. Nc2 Ke4
79. Nxe3 Kxe3 80. Ke1 f2+ 81. Kf1 Kf3 1/2-1/2

[Event "IV Open Internacional Ciutat de Palma. "]
[Site "Palma"]
[Date "2009.11.21"]
[Round "1.25"]
[White "Do Santos Julio, Joao Manuel"]
[Black "Ipatov, Alexander"]
[Result "0-1"]
[WhiteElo "2043"]
[BlackElo "2487"]
[PlyCount "110"]
[EventDate "2009.11.21"]

1. e4 c5 2. Nf3 Nc6 3. d4 cxd4 4. Nxd4 Nf6 5. Nxc6 bxc6 6. Bd3 g6 7. c4 Bg7 8.
Nc3 d6 9. O-O O-O 10. Qe2 Rb8 11. Be3 Qa5 12. f3 Nd7 13. Rac1 Ne5 14. Rf2 Rxb2
15. Bd2 Qa3 16. Bc2 Ba6 17. Bb3 Rxd2 18. Qxd2 Nd3 19. Qxd3 Qxc1+ 20. Nd1 c5 21.
Rc2 Bd4+ 22. Kh1 Qh6 23. Qd2 Qxd2 24. Rxd2 f5 25. exf5 gxf5 26. Re2 Kf7 27. Ne3
e6 28. Re1 Rb8 29. g3 Bb7 30. Kg2 Bc6 31. Kf2 a5 32. Rb1 a4 33. Bc2 Rb4 34. Bd3
d5 35. Ke2 Bxe3 36. Kxe3 dxc4 37. Bc2 c3 38. f4 Rb2 39. Rc1 Rxa2 40. h3 a3 41.
g4 Kf6 42. g5+ Kg6 43. Bb3 Rh2 44. Bxe6 Rxh3+ 45. Ke2 Be4 46. Ra1 c2 47. Kd2
Rd3+ 48. Kxc2 Rd6+ 49. Kc3 Rxe6 50. Rxa3 Kh5 51. Ra7 Kg4 52. Rxh7 Kxf4 53. Rh6
Re7 54. g6 Rg7 55. Kc4 Kg5 0-1

[Event "IV Open Internacional Ciutat de Palma. "]
[Site "Palma"]
[Date "2009.11.21"]
[Round "1.51"]
[White "Shen, Yue"]
[Black "Pons Sastre, Santiago"]
[Result "0-1"]
[WhiteElo "1809"]
[BlackElo "2380"]
[PlyCount "108"]
[EventDate "2009.11.21"]

1. e4 c5 2. Nf3 Nc6 3. d4 cxd4 4. Nxd4 d5 5. Bb5 dxe4 6. Nxc6 Qxd1+ 7. Kxd1 a6
8. Nd4+ axb5 9. Nxb5 Bg4+ 10. Ke1 O-O-O 11. N1c3 e5 12. Be3 f5 13. h3 Bh5 14.
Bb6 Rd7 15. Ne2 Nf6 16. Ng3 Bg6 17. Rd1 Nd5 18. Ba5 e3 19. fxe3 Nxe3 20. Na7+
Kb8 21. Rxd7 Kxa7 22. Ke2 f4 23. c3 Nc4 24. Bc7 fxg3 25. Rd8 Bd6 26. Rxh8 Bxc7
27. Rc8 Kb6 28. b3 Nd6 29. Rf8 Ne4 30. Rc1 Bd6 31. Ra8 Nf2 32. c4 Be4 33. a3
Bc5 34. b4 Bd4 35. a4 Nd3 36. a5+ Kc7 37. Rf1 Nf4+ 38. Kd2 Bxg2 39. Rc1 Bf3 40.
Rg8 e4 41. b5 g2 42. b6+ Kd7 43. a6 bxa6 44. c5 e3+ 45. Kc2 Be4+ 46. Kb3 Nd3
47. Rd1 Bd5+ 48. Kc2 Bxg8 49. Kxd3 Bxc5 50. Ke2+ Kc6 51. b7 Kxb7 52. Rd7+ Kc6
53. Rxg7 Bc4+ 54. Ke1 Bf1 0-1

[Event "IV Open Internacional Ciutat de Palma. "]
[Site "Palma"]
[Date "2009.11.21"]
[Round "1.52"]
[White "Cabrera Trujillo, Jorge"]
[Black "Farmer Negrini, Leo"]
[Result "1-0"]
[WhiteElo "2380"]
[BlackElo "1795"]
[PlyCount "99"]
[EventDate "2009.11.21"]

1. e4 e5 2. Nf3 Nc6 3. Bb5 a6 4. Ba4 Nf6 5. d3 b5 6. Bb3 Bc5 7. O-O d6 8. c3
Bg4 9. Nbd2 Qd7 10. Re1 Na5 11. Bc2 Bb6 12. Nf1 O-O 13. h3 Bh5 14. Ng3 Bg6 15.
Nh4 Nb7 16. Bg5 Nc5 17. Bxf6 gxf6 18. Qf3 c6 19. Nh5 Bd8 20. Nxf6+ Bxf6 21.
Qxf6 Qe6 22. Qf3 Nd7 23. Bb3 Qf6 24. Qxf6 Nxf6 25. g3 a5 26. f4 a4 27. Bc2 exf4
28. gxf4 Bh5 29. Nf5 Rad8 30. Ne7+ Kh8 31. Nxc6 Rg8+ 32. Kf2 Rd7 33. Nd4 Rb8
34. a3 Ng8 35. Rg1 f6 36. Bd1 Bf7 37. Bg4 Rc7 38. Be6 Nh6 39. Rg3 Bxe6 40. Nxe6
Re7 41. Nd4 Rd7 42. Rag1 d5 43. Re1 Ng8 44. exd5 Rc8 45. Rge3 Rxd5 46. Re8 Rcd8
47. Rxd8 Rxd8 48. Re6 Kg7 49. Rb6 Ne7 50. Ne6+ 1-0

[Event "IV Open Internacional Ciutat de Palma. "]
[Site "Palma"]
[Date "2009.11.21"]
[Round "1.35"]
[White "Sierra Jimenez, Manuel"]
[Black "Vernay, Clovis"]
[Result "0-1"]
[WhiteElo "1961"]
[BlackElo "2458"]
[PlyCount "94"]
[EventDate "2009.11.21"]

1. f4 d5 2. Nf3 Bg4 3. e3 Nf6 4. b3 e6 5. Bb2 Bc5 6. d4 Bd6 7. Nbd2 Ne4 8. c3
c5 9. Bb5+ Nc6 10. Bxc6+ bxc6 11. O-O O-O 12. h3 Bh5 13. Qe1 cxd4 14. Nxe4 dxe4
15. Nxd4 c5 16. Nb5 Bb8 17. g4 Bg6 18. Rd1 Qe7 19. Rf2 a6 20. Na3 f5 21. Rfd2
Ra7 22. Nc4 e5 23. Nxe5 Bxe5 24. fxe5 fxg4 25. Qg3 gxh3 26. Qxh3 c4 27. Rf1
Raa8 28. Qg3 Rxf1+ 29. Kxf1 Rf8+ 30. Rf2 Rxf2+ 31. Kxf2 cxb3 32. axb3 Qf7+ 33.
Ke1 Qxb3 34. Qf2 Bf7 35. Qd2 Qd5 36. Qd4 Qxd4 37. exd4 h5 38. Bc1 Kh7 39. Kf2
Kg6 40. Ke3 Kf5 41. Kd2 a5 42. Ba3 a4 43. Bf8 g5 44. Ke3 h4 45. Ba3 Bd5 46. Bc1
g4 47. Kf2 g3+ 0-1